[Event "LLO 2017/18"]
[Site "Mecklenburg-Vorpommern"]
[Date "2017.11.12"]
[Round "2.8"]
[White "Nickel, Udo"]
[Black "Vlach, Michael"]
[Result "1/2-1/2"]
[WhiteElo "1600"]
[BlackElo "1558"]
[PlyCount "52"]
[EventDate "2017.??.??"]
[EventType "team-tourn"]
[EventRounds "9"]
[SourceDate "2017.10.08"]
[WhiteTeam "Waterkant Saal"]
[BlackTeam "FHSG Stralsund II"]

1. d4 d5 2. c4 c6 3. Nc3 Nf6 4. Bf4 a6 5. e3 e6 6. a3 Bd6 7. Bxd6 Qxd6 8. c5
Qc7 9. Nf3 Nbd7 10. Bd3 e5 11. dxe5 Nxe5 12. Nxe5 Qxe5 13. h3 Bf5 14. Bxf5 Qxf5
15. O-O O-O 16. Rc1 Rfe8 17. Qc2 Qxc2 18. Rxc2 Re7 19. Rd1 Kf8 20. Rd4 Rae8 21.
Rb4 Rc7 22. g4 Nd7 23. Ne2 Re5 24. Nd4 Nf6 25. Nf3 Re4 26. Rxe4 Nxe4 1/2-1/2

[Event "LLO 2017/18"]
[Site "Mecklenburg-Vorpommern"]
[Date "2017.11.12"]
[Round "2.1"]
[White "Schulz, Daniel"]
[Black "Lange, Jannis"]
[Result "1-0"]
[WhiteElo "1764"]
[BlackElo "1904"]
[PlyCount "65"]
[EventDate "2017.??.??"]
[EventType "team-tourn"]
[EventRounds "9"]
[SourceDate "2017.10.08"]
[WhiteTeam "SG Neubrandenburg II"]
[BlackTeam "SV Motor Wolgast"]

1. e4 c5 2. c3 Nf6 3. e5 Nd5 4. d4 cxd4 5. cxd4 Nc6 6. Nf3 d6 7. Bc4 Nb6 8. Bb3
dxe5 9. O-O Bf5 10. dxe5 e6 11. Nc3 Be7 12. Nb5 O-O 13. Nd6 Bxd6 14. exd6 Be4
15. Ng5 Bd5 16. Qd3 g6 17. Qh3 h5 18. Bd1 Qe8 19. Re1 e5 20. Bd2 f6 21. Ne4 Nc4
22. Bh6 Rf7 23. Bxh5 Bxe4 24. Rxe4 Rh7 25. Bxg6 Qxg6 26. Rg4 Rxh6 27. Rxg6+
Rxg6 28. Qe6+ Kh7 29. Qxc4 Rag8 30. g3 R8g7 31. Rd1 Nd4 32. Qc8 Rh6 33. Rxd4
1-0

[Event "LLO 2017/18"]
[Site "Mecklenburg-Vorpommern"]
[Date "2017.11.12"]
[Round "2.2"]
[White "Krasov, Oleksi"]
[Black "Hoerhold, Martin"]
[Result "1/2-1/2"]
[WhiteElo "1897"]
[BlackElo "1732"]
[PlyCount "143"]
[EventDate "2017.??.??"]
[EventType "team-tourn"]
[EventRounds "9"]
[SourceDate "2017.10.08"]
[WhiteTeam "SV Motor Wolgast"]
[BlackTeam "SG Neubrandenburg II"]

1. e4 g6 2. d4 Bg7 3. Nc3 d6 4. Be3 Nd7 5. Qd2 b6 6. f3 Bb7 7. Bc4 a6 8. a4 e6
9. Nge2 h6 10. Nf4 Qe7 11. O-O-O c5 12. d5 e5 13. Nfe2 b5 14. axb5 Nb6 15. Qd3
Nxc4 16. Qxc4 Nf6 17. Kd2 Nd7 18. Ra1 Nb6 19. Qb3 Qc7 20. Na4 O-O 21. c4 axb5
22. Nxb6 Qxb6 23. cxb5 Rfb8 24. Nc3 Bc8 25. Kd3 f5 26. Kc4 Bd7 27. Ra3 Ra5 28.
Rxa5 Qxa5 29. Bd2 Bxb5+ 30. Nxb5 Qxd2 31. Rd1 Qe2+ 32. Qd3 Qxb2 33. Rb1 Qa2+
34. Kc3 c4 35. Qd1 fxe4 36. fxe4 Qa5+ 37. Kxc4 Bf6 38. Rb4 Bg5 39. Qa4 Qb6 40.
Qa7 Rc8+ 41. Kb3 Qd8 42. Qa6 Rc1 43. Qxd6 Qc8 44. Qe6+ Qxe6 45. dxe6 Rc6 46.
Rc4 Rxe6 47. Rc7 Be7 48. Kc4 Kf7 49. Nc3 Ke8 50. Nd5 Ba3 51. Ra7 Bd6 52. Rh7 h5
53. Ne3 Re7 54. Rxe7+ Kxe7 55. Kd5 Bb8 56. Nc4 Kf6 57. Nb6 Ke7 58. h3 h4 59.
Nc4 Kf6 60. Nd2 g5 61. Nc4 g4 62. Nb6 gxh3 63. gxh3 Kg5 64. Nd7 Kf4 65. Nxb8
Kg3 66. Nc6 Kxh3 67. Nxe5 Kg3 68. Nf3 Kxf3 69. e5 h3 70. e6 h2 71. e7 h1=Q 72.
e8=Q 1/2-1/2

[Event "LLO 2017/18"]
[Site "Mecklenburg-Vorpommern"]
[Date "2017.11.12"]
[Round "2.3"]
[White "Dupke, Andreas"]
[Black "Reinke, Thomas"]
[Result "0-1"]
[WhiteElo "1741"]
[BlackElo "1919"]
[PlyCount "52"]
[EventDate "2017.??.??"]
[EventType "team-tourn"]
[EventRounds "9"]
[SourceDate "2017.10.08"]
[WhiteTeam "SG Neubrandenburg II"]
[BlackTeam "SV Motor Wolgast"]

1. e4 e6 2. d4 d5 3. Nd2 dxe4 4. Nxe4 Nd7 5. Nf3 Be7 6. Bd3 Ngf6 7. Nxf6+ Nxf6
8. O-O O-O 9. Ne5 c5 10. Be3 Nd5 11. dxc5 f5 12. Bd4 Qc7 13. c6 bxc6 14. b3 c5
15. Bb2 Bf6 16. Re1 Bb7 17. c4 Nf4 18. Bf1 Rad8 19. Qc1 g5 20. Qe3 Be4 21. g3
Bxe5 22. Bxe5 Qxe5 23. gxf4 gxf4 24. Qh3 f3 25. Qxf3 Qxa1 26. Rxa1 Bxf3 0-1

[Event "LLO 2017/18"]
[Site "Mecklenburg-Vorpommern"]
[Date "2017.11.12"]
[Round "2.4"]
[White "Haenjes, Frank"]
[Black "Rehbein, Hans Juergen"]
[Result "1/2-1/2"]
[WhiteElo "1887"]
[BlackElo "1708"]
[PlyCount "41"]
[EventDate "2017.??.??"]
[EventType "team-tourn"]
[EventRounds "9"]
[SourceDate "2017.10.08"]
[WhiteTeam "SV Motor Wolgast"]
[BlackTeam "SG Neubrandenburg II"]

1. e4 c5 2. d4 cxd4 3. f4 Nc6 4. Nf3 Qb6 5. Nbd2 d6 6. a3 Bg4 7. Be2 Nf6 8. O-O
g6 9. b4 Qc7 10. Bd3 Bg7 11. h3 Bd7 12. Nb3 O-O 13. Qe1 e5 14. b5 Ne7 15. g4
Qc8 16. fxe5 dxe5 17. Nxe5 Nxg4 18. Nxd7 Qxd7 19. hxg4 Qxg4+ 20. Kh1 Qh3+ 21.
Kg1 1/2-1/2

[Event "LLO 2017/18"]
[Site "Mecklenburg-Vorpommern"]
[Date "2017.11.12"]
[Round "2.5"]
[White "Suckow, Ingo"]
[Black "Riebort, Frank"]
[Result "1/2-1/2"]
[WhiteElo "1736"]
[BlackElo "1883"]
[PlyCount "84"]
[EventDate "2017.??.??"]
[EventType "team-tourn"]
[EventRounds "9"]
[SourceDate "2017.10.08"]
[WhiteTeam "SG Neubrandenburg II"]
[BlackTeam "SV Motor Wolgast"]

1. e4 d6 2. d4 Nf6 3. Nc3 g6 4. f4 Bg7 5. Nf3 Bg4 6. Be3 O-O 7. Be2 Nc6 8. O-O
d5 9. e5 Ne4 10. Nxe4 dxe4 11. Ng5 Bxe2 12. Qxe2 Nxd4 13. Qf2 Nf5 14. Nxe4 Qd5
15. Nc3 Qc6 16. Bc5 Rfe8 17. Rad1 e6 18. Rfe1 b6 19. Ba3 Rad8 20. Rxd8 Rxd8 21.
Ne4 h5 22. c3 Rd3 23. Qc2 Qd7 24. Kf2 Rd5 25. Re2 Qd8 26. g3 Nh6 27. h3 Nf5 28.
Rd2 h4 29. g4 Ng3 30. Rxd5 Nxe4+ 31. Qxe4 exd5 32. Qa4 a5 33. Qc6 d4 34. c4 g5
35. e6 fxe6 36. Qxe6+ Kh8 37. Be7 Qa8 38. Bxg5 Qh1 39. Qe8+ Kh7 40. Qh5+ Kg8
41. Qxh4 Qh2+ 42. Kf1 Qh1+ 1/2-1/2

[Event "LLO 2017/18"]
[Site "Mecklenburg-Vorpommern"]
[Date "2017.11.12"]
[Round "2.6"]
[White "Klotzsche, Stefan"]
[Black "Buenz, Heinrich"]
[Result "1/2-1/2"]
[WhiteElo "1751"]
[BlackElo "1671"]
[PlyCount "116"]
[EventDate "2017.??.??"]
[EventType "team-tourn"]
[EventRounds "9"]
[SourceDate "2017.10.08"]
[WhiteTeam "SV Motor Wolgast"]
[BlackTeam "SG Neubrandenburg II"]

1. c4 Nf6 2. Nc3 e6 3. Nf3 Be7 4. g3 O-O 5. Bg2 d6 6. O-O Na6 7. b3 c6 8. Bb2
Nc7 9. Qc2 e5 10. Rad1 Bg4 11. h3 Bh5 12. e4 Ne6 13. Ne2 Rc8 14. d4 Bxf3 15.
Bxf3 exd4 16. Nxd4 Ng5 17. Bg2 Qc7 18. Rfe1 Nd7 19. Nf5 Ne5 20. Re3 Ne6 21. Bc3
f6 22. Kh2 Rce8 23. f4 Nf7 24. h4 g6 25. Nd4 Ng7 26. Bh3 Bd8 27. Rde1 Nh6 28.
b4 f5 29. c5 dxc5 30. bxc5 Bxh4 31. gxh4 Qxf4+ 32. Kg2 Qxh4 33. Nf3 Qd8 34.
Bxg7 Kxg7 35. exf5 Rxe3 36. Rxe3 Nxf5 37. Bxf5 Rxf5 38. Qe2 Rf7 39. Re8 Qf6 40.
Qe5 Qxe5 41. Nxe5 Rf5 42. Nd3 Rd5 43. Re3 Kf6 44. Kf3 b6 45. cxb6 axb6 46. Ke4
Ra5 47. Rf3+ Ke7 48. Rf2 Ra4+ 49. Ke3 Ke6 50. Nc1 Rc4 51. Kd2 Ra4 52. Rf8 b5
53. Re8+ Kf5 54. Rc8 Rd4+ 55. Ke3 Rc4 56. Rf8+ Kg4 57. Nd3 Ra4 58. Rf2 h5 {
Partieende nicht mehr nschspielbar} 1/2-1/2

[Event "LLO 2017/18"]
[Site "Mecklenburg-Vorpommern"]
[Date "2017.11.12"]
[Round "2.7"]
[White "Sommer, Hans Hermann"]
[Black "Schubert, Volker"]
[Result "1-0"]
[WhiteElo "1713"]
[BlackElo "1867"]
[PlyCount "96"]
[EventDate "2017.??.??"]
[EventType "team-tourn"]
[EventRounds "9"]
[SourceDate "2017.10.08"]
[WhiteTeam "SG Neubrandenburg II"]
[BlackTeam "SV Motor Wolgast"]

1. e4 c5 2. d4 cxd4 3. c3 Nf6 4. e5 Nd5 5. Nf3 Nc6 6. Bc4 Nb6 7. Bb3 e6 8. O-O
Be7 9. cxd4 d6 10. Qe2 d5 11. Nc3 a6 12. Be3 Nd7 13. Rac1 Na5 14. Bc2 Nc4 15.
Bb1 Nxe3 16. fxe3 g6 17. e4 dxe4 18. Bxe4 f5 19. exf6 Nxf6 20. Bc2 O-O 21. Rcd1
Nd5 22. Nxd5 exd5 23. Ne5 Qd6 24. Rxf8+ Bxf8 25. Bb3 Be6 26. Rf1 Bg7 27. Re1
Re8 28. Qf2 Re7 29. Nf3 Bf7 30. Rxe7 Qxe7 31. Kf1 h6 32. Qe2 Kf8 33. Ne5 Bxe5
34. dxe5 Qe6 35. Qe3 g5 36. h3 Kg7 37. g4 Qd7 38. Qd4 Be6 39. Ke1 Qc7 40. Kd2
Qa5+ 41. Qc3 Qb6 42. Qe3 Qa5+ 43. Kd1 Qc7 44. Bc2 Qc4 45. Qf2 Qf4 46. Qxf4 gxf4
47. Ke2 d4 48. Kf3 Bxa2 1-0

[Event "LLO 2017/18"]
[Site "Mecklenburg-Vorpommern"]
[Date "2017.11.12"]
[Round "2.8"]
[White "Schellner, Ulf"]
[Black "Lange, Ingo"]
[Result "1/2-1/2"]
[WhiteElo "1614"]
[BlackElo "1726"]
[PlyCount "92"]
[EventDate "2017.??.??"]
[EventType "team-tourn"]
[EventRounds "9"]
[SourceDate "2017.10.08"]
[WhiteTeam "SV Motor Wolgast"]
[BlackTeam "SG Neubrandenburg II"]

1. d4 Nf6 2. c4 g6 3. Nc3 d5 4. cxd5 Nxd5 5. e4 Nxc3 6. bxc3 c5 7. Bc4 Bg7 8.
Ne2 O-O 9. O-O Nc6 10. Be3 Bg4 11. f3 cxd4 12. cxd4 Bd7 13. Rb1 Rb8 14. Qd2 Na5
15. Bd3 a6 16. Rfc1 b5 17. a3 Nc4 18. Bxc4 bxc4 19. Rxb8 Qxb8 20. Rxc4 Qb3 21.
Rb4 Qxa3 22. Qc3 Qa2 23. Nc1 Qe6 24. Nd3 Rc8 25. Nc5 Qa2 26. Qb3 Qe2 27. h3 h5
28. Rb8 Kh7 29. Rxc8 Bxc8 30. Qd3 Qe1+ 31. Kh2 h4 32. Bf4 e5 33. dxe5 g5 34.
Qe3 Qxe3 35. Bxe3 Bxe5+ 36. Kg1 Kg6 37. Kf2 Bc3 38. Ke2 f6 39. Kd3 Bb4 40. Kc4
Bxc5 41. Kxc5 Bd7 42. Kb4 Kf7 43. Bd4 Ke6 44. Bc3 Bc8 45. Ka5 Bb7 46. Kb4 Bc6
1/2-1/2

[Event "LLO 2017/18"]
[Site "Mecklenburg-Vorpommern"]
[Date "2017.11.26"]
[Round "3.2"]
[White "Hoerhold, Martin"]
[Black "Joers, Pia Milena"]
[Result "1/2-1/2"]
[WhiteElo "1732"]
[BlackElo "1623"]
[PlyCount "86"]
[EventDate "2017.??.??"]
[EventType "team-tourn"]
[EventRounds "9"]
[SourceDate "2017.10.08"]
[WhiteTeam "SG Neubrandenburg II"]
[BlackTeam "SG Guestrow/Teterow II"]

1. e4 c6 2. d4 d5 3. e5 Bf5 4. Nf3 e6 5. Bd3 Bxd3 6. Qxd3 Nd7 7. O-O Ne7 8. Nc3
Qc7 9. Re1 a6 10. Ne2 c5 11. c3 Nc6 12. Bd2 Rc8 13. Rac1 Qb6 14. Ng5 h6 15. Nf3
Be7 16. g4 Qd8 17. Nf4 cxd4 18. cxd4 Nb6 19. Qb3 Rb8 20. Nd3 Nc4 21. Bb4 Nxb4
22. Nxb4 O-O 23. Nd3 Na5 24. Qd1 Nc6 25. Nc5 Bxc5 26. dxc5 Qa5 27. a3 Rbc8 28.
Qd3 Qd8 29. h4 Ne7 30. Kh1 Ng6 31. g5 h5 32. b4 Ne7 33. Nd4 g6 34. Rc2 Nc6 35.
f4 Nxd4 36. Qxd4 Qd7 37. Rec1 Rc7 38. Rc3 Rfc8 39. Kg2 Qb5 40. Kf2 Kf8 41. Ke3
Ke7 42. Qd3 Qc6 43. Qd4 Qb5 1/2-1/2

[Event "LLO 2017/18"]
[Site "Mecklenburg-Vorpommern"]
[Date "2017.11.26"]
[Round "3.3"]
[White "Janisch, Harald"]
[Black "Dupke, Andreas"]
[Result "1-0"]
[WhiteElo "1545"]
[BlackElo "1741"]
[PlyCount "79"]
[EventDate "2017.??.??"]
[EventType "team-tourn"]
[EventRounds "9"]
[SourceDate "2017.10.08"]
[WhiteTeam "SG Guestrow/Teterow II"]
[BlackTeam "SG Neubrandenburg II"]

1. e4 c5 2. Nf3 Nc6 3. Bc4 d6 4. Nc3 e6 5. d4 cxd4 6. Nxd4 Nf6 7. Nxc6 bxc6 8.
Bb3 Nd7 9. Be3 Be7 10. O-O O-O 11. f4 d5 12. exd5 exd5 13. Ne2 Nc5 14. Ng3 Nxb3
15. axb3 Qc7 16. Qh5 Bf6 17. c3 Re8 18. Bc5 Be6 19. f5 Bc8 20. Qg4 Kh8 21. Nh5
Be5 22. Bd4 f6 23. Bxe5 fxe5 24. Qg5 Qf7 25. f6 g6 26. Ng7 Rd8 27. Qxe5 Bg4 28.
Ra4 d4 29. Rxd4 Rxd4 30. Qxd4 Bd7 31. Re1 Qd5 32. Qe3 Rf8 33. Qe7 Qf7 34. Rd1
Qxf6 35. Qxf6 Rxf6 36. Rxd7 Kg8 37. Rxa7 Rf7 38. Rxf7 Kxf7 39. Nh5 gxh5 40. Kf2
1-0

[Event "LLO 2017/18"]
[Site "Mecklenburg-Vorpommern"]
[Date "2017.11.26"]
[Round "3.4"]
[White "Suckow, Ingo"]
[Black "Dettmann, Juergen"]
[Result "1-0"]
[WhiteElo "1736"]
[BlackElo "1486"]
[PlyCount "61"]
[EventDate "2017.??.??"]
[EventType "team-tourn"]
[EventRounds "9"]
[SourceDate "2017.10.08"]
[WhiteTeam "SG Neubrandenburg II"]
[BlackTeam "SG Guestrow/Teterow II"]

1. e4 c5 2. Nf3 Nc6 3. d4 cxd4 4. Nxd4 e6 5. Nc3 Bc5 6. Nxc6 bxc6 7. Bd3 Ne7 8.
O-O O-O 9. Qe2 Qc7 10. Be3 Bd6 11. f4 f5 12. g3 Bb4 13. e5 Bxc3 14. bxc3 Nd5
15. Bc5 Rf7 16. c4 Nb6 17. a4 a5 18. Rfb1 Nxa4 19. Rxa4 Qd8 20. h4 g6 21. Bb6
Qe7 22. c5 Rf8 23. Rba1 Bb7 24. Rxa5 Rab8 25. Bc7 Ra8 26. Bd6 Qd8 27. Rxa8 Bxa8
28. Bxf8 Kxf8 29. Qd2 Bb7 30. Qa5 Qc8 31. Qb6 1-0

[Event "LLO 2017/18"]
[Site "Mecklenburg-Vorpommern"]
[Date "2017.11.26"]
[Round "3.5"]
[White "Eulitz, Charlotte"]
[Black "Buenz, Heinrich"]
[Result "1-0"]
[WhiteElo "1474"]
[BlackElo "1671"]
[PlyCount "85"]
[EventDate "2017.??.??"]
[EventType "team-tourn"]
[EventRounds "9"]
[SourceDate "2017.10.08"]
[WhiteTeam "SG Guestrow/Teterow II"]
[BlackTeam "SG Neubrandenburg II"]

1. e4 e5 2. Nf3 Nc6 3. Bc4 Be7 4. d4 exd4 5. Nxd4 Nxd4 6. Qxd4 Bf6 7. Qd3 Bg5
8. Qd5 Qf6 9. Qxg5 d6 10. Qxf6 Nxf6 11. Nc3 O-O 12. O-O c6 13. Bf4 b5 14. Bd3
Rd8 15. Rad1 Ba6 16. Rfe1 Ne8 17. a4 Nc7 18. axb5 cxb5 19. Be2 b4 20. Nd5 Nxd5
21. Rxd5 Bb7 22. Rd4 a5 23. Red1 Re8 24. Bf3 h6 25. Bxd6 Rac8 26. R1d2 f5 27.
e5 Bxf3 28. gxf3 Rc6 29. Rd5 Rec8 30. Rxa5 Rxc2 31. Bxb4 R2c4 32. Bc3 Rf4 33.
Kg2 h5 34. Rad5 Rc7 35. R5d4 Rxd4 36. Rxd4 Kf7 37. Rd6 Rc4 38. Rd7+ Kf8 39. e6
Rc6 40. Rxg7 Rxe6 41. Rg5 Kf7 42. Rxf5+ Kg6 43. Rf6+ 1-0

[Event "LLO 2017/18"]
[Site "Mecklenburg-Vorpommern"]
[Date "2017.11.26"]
[Round "3.6"]
[White "Sommer, Hans Hermann"]
[Black "Zoll, Cindy"]
[Result "1-0"]
[WhiteElo "1713"]
[BlackElo "1333"]
[PlyCount "81"]
[EventDate "2017.??.??"]
[EventType "team-tourn"]
[EventRounds "9"]
[SourceDate "2017.10.08"]
[WhiteTeam "SG Neubrandenburg II"]
[BlackTeam "SG Guestrow/Teterow II"]

1. e4 e6 2. Nf3 d5 3. e5 c5 4. b4 f6 5. bxc5 Bxc5 6. d4 Be7 7. Bd3 Nc6 8. O-O
Bd7 9. c3 fxe5 10. Nxe5 Nf6 11. Nd2 O-O 12. Ndf3 Be8 13. Qe2 Qc8 14. Bd2 Bh5
15. Qe3 Nxe5 16. Nxe5 Ng4 17. Nxg4 Bxg4 18. Rfe1 Rf6 19. h3 Bh5 20. Qg3 Bg6 21.
Rac1 Bxd3 22. Qxd3 Qd7 23. c4 Raf8 24. Re2 Rg6 25. Kh1 Bh4 26. Be3 Qd8 27. f3
Bg5 28. c5 Bf4 29. Bxf4 Rxf4 30. Rce1 Qg5 31. Qd2 Qg3 32. Rxe6 Rxe6 33. Rxe6
Kf7 34. Qe2 Qg5 35. Re5 Qf6 36. Qe3 Kg6 37. Re6 Qxe6 38. Qxe6+ Rf6 39. Qxd5 Ra6
40. g4 Rxa2 41. Qxa2 1-0

[Event "LLO 2017/18"]
[Site "Mecklenburg-Vorpommern"]
[Date "2017.11.26"]
[Round "3.7"]
[White "Tackmann, Lars Erik"]
[Black "Zabka, Helge"]
[Result "0-1"]
[WhiteElo "1310"]
[BlackElo "1662"]
[PlyCount "42"]
[EventDate "2017.??.??"]
[EventType "team-tourn"]
[EventRounds "9"]
[SourceDate "2017.10.08"]
[WhiteTeam "SG Guestrow/Teterow II"]
[BlackTeam "SG Neubrandenburg II"]

1. e4 d5 2. f3 dxe4 3. fxe4 e5 4. Nf3 Nc6 5. h3 Nf6 6. d3 Nh5 7. Bg5 Be7 8. Qd2
Ng3 9. Bxe7 Qxe7 10. Rg1 f5 11. Qg5 Qxg5 12. Nxg5 h6 13. Kf2 Nxf1 14. Nf3 fxe4
15. dxe4 O-O 16. Rxf1 Nd4 17. Na3 Nxf3 18. gxf3 Bxh3 19. Rh1 Bg4 20. Rhf1 Rxf3+
21. Ke2 Rxa3+ 0-1

[Event "LLO 2017/18"]
[Site "Mecklenburg-Vorpommern"]
[Date "2017.11.26"]
[Round "3.8"]
[White "Schulz, Ronald"]
[Black "Kalettka, Joachim"]
[Result "1/2-1/2"]
[WhiteElo "1580"]
[BlackElo "1268"]
[PlyCount "48"]
[EventDate "2017.??.??"]
[EventType "team-tourn"]
[EventRounds "9"]
[SourceDate "2017.10.08"]
[WhiteTeam "SG Neubrandenburg II"]
[BlackTeam "SG Guestrow/Teterow II"]

1. e4 c5 2. d4 cxd4 3. Qxd4 Nc6 4. Qe3 g6 5. Nc3 Bg7 6. Bd2 e6 7. O-O-O a6 8.
Bc4 b5 9. Bb3 Na5 10. f4 Nxb3+ 11. cxb3 Ne7 12. g4 Bb7 13. Nf3 Rc8 14. Kb1 O-O
15. h4 f5 16. gxf5 exf5 17. e5 Re8 18. Bc1 b4 19. Na4 Be4+ 20. Ka1 Nd5 21. Qf2
Rc2 22. Rd2 Rxd2 23. Bxd2 Qa8 24. Nc5 Nxf4 1/2-1/2

[Event "LLO 2017/18"]
[Site "Mecklenburg-Vorpommern"]
[Date "2017.11.26"]
[Round "3.1"]
[White "Lange, Jannis"]
[Black "Kohn, Thomas"]
[Result "1-0"]
[WhiteElo "1904"]
[BlackElo "1841"]
[PlyCount "146"]
[EventDate "2017.??.??"]
[EventType "team-tourn"]
[EventRounds "9"]
[SourceDate "2017.10.08"]
[WhiteTeam "SV Motor Wolgast"]
[BlackTeam "FHSG Stralsund II"]

1. e4 c5 2. Nf3 Nc6 3. d4 cxd4 4. Nxd4 g6 5. Be3 Bg7 6. c4 Nf6 7. Nc3 O-O 8.
Be2 d6 9. O-O Be6 10. h3 Qc8 11. b3 Nxd4 12. Bxd4 Nd7 13. Nd5 Bxd5 14. cxd5
Bxd4 15. Qxd4 Qc5 16. Qd2 Rac8 17. Bg4 Rcd8 18. Rac1 Qb6 19. Bxd7 Rxd7 20. Qc3
e5 21. Kh2 Qa6 22. f4 exf4 23. Rxf4 Qxa2 24. Ra1 Qe2 25. Rxa7 Qb5 26. Ra4 Rdd8
27. Rc4 Rde8 28. Rc7 Re5 29. Rf6 Rxe4 30. Qf3 Qxd5 31. Rcxf7 Rxf7 32. Rxf7 Qe5+
33. Kg1 Re1+ 34. Kf2 Qe2+ 35. Kg3 Qe6 36. Rf6 Qe5+ 37. Kf2 Qe7 38. Rf4 Kg7 39.
Qc3+ Re5 40. Rc4 Kh6 41. Qc1+ Qg5 42. Rh4+ Kg7 43. Qxg5 Rxg5 44. Rb4 b5 45. Rd4
Rc5 46. b4 Rc6 47. Rd5 Rb6 48. Ke3 Kf6 49. Ke4 Ke6 50. h4 h6 51. h5 g5 52. Rf5
Rb8 53. g3 g4 54. Kf4 d5 55. Re5+ Kd6 56. Re1 Rc8 57. Kf5 Rf8+ 58. Kg6 Rf3 59.
Rg1 d4 60. Kxh6 Ke5 61. Kg7 Ra3 62. h6 d3 63. h7 Ra7+ 64. Kg6 Ra8 65. Rh1 Rh8
66. Kg7 Rd8 67. h8=Q Rxh8 68. Rxh8 Kd4 69. Kg6 Kc3 70. Kg5 Kxb4 71. Kxg4 d2 72.
Rd8 Kc3 73. Kf3 b4 1-0

[Event "LLO 2017/18"]
[Site "Mecklenburg-Vorpommern"]
[Date "2017.11.26"]
[Round "3.2"]
[White "Klepin, Wilfried"]
[Black "Krasov, Oleksi"]
[Result "0-1"]
[WhiteElo "1818"]
[BlackElo "1897"]
[PlyCount "70"]
[EventDate "2017.??.??"]
[EventType "team-tourn"]
[EventRounds "9"]
[SourceDate "2017.10.08"]
[WhiteTeam "FHSG Stralsund II"]
[BlackTeam "SV Motor Wolgast"]

1. Nf3 Nf6 2. d4 d5 3. Bf4 c5 4. e3 Nc6 5. c3 Qb6 6. Qb3 c4 7. Qc2 Bf5 8. Qc1
e6 9. Nbd2 Nh5 10. Bg3 Nxg3 11. hxg3 h6 12. e4 Bh7 13. g4 Be7 14. e5 Qc7 15. g3
b5 16. b4 a5 17. a3 O-O 18. Be2 axb4 19. axb4 Qb7 20. Rxa8 Rxa8 21. Kf1 Ra2 22.
g5 Qa7 23. Kg2 Qa3 24. gxh6 Qxc1 25. Rxc1 gxh6 26. Kf1 Nxb4 27. cxb4 Bxb4 28.
Rd1 Bc2 29. Rc1 Ba3 30. Re1 b4 31. Nxc4 dxc4 32. Bxc4 b3 33. d5 exd5 34. Bxd5
Bb4 35. Rc1 b2 0-1

[Event "LLO 2017/18"]
[Site "Mecklenburg-Vorpommern"]
[Date "2017.11.26"]
[Round "3.3"]
[White "Haenjes, Frank"]
[Black "Vietinghoff, Klaus"]
[Result "1-0"]
[WhiteElo "1887"]
[BlackElo "1733"]
[PlyCount "27"]
[EventDate "2017.??.??"]
[EventType "team-tourn"]
[EventRounds "9"]
[SourceDate "2017.10.08"]
[WhiteTeam "SV Motor Wolgast"]
[BlackTeam "FHSG Stralsund II"]

1. e4 d6 2. d4 g6 3. c4 Bg7 4. Nc3 Nf6 5. Be2 O-O 6. g4 Nc6 7. d5 Ne5 8. g5 Ne8
9. f4 Nd7 10. h4 f6 11. Qd3 Nc5 12. Qe3 e5 13. fxe5 dxe5 14. Qxc5 1-0

[Event "LLO 2017/18"]
[Site "Mecklenburg-Vorpommern"]
[Date "2017.11.26"]
[Round "3.4"]
[White "Rickmann, Niklas"]
[Black "Riebort, Frank"]
[Result "0-1"]
[WhiteElo "1716"]
[BlackElo "1883"]
[PlyCount "98"]
[EventDate "2017.??.??"]
[EventType "team-tourn"]
[EventRounds "9"]
[SourceDate "2017.10.08"]
[WhiteTeam "FHSG Stralsund II"]
[BlackTeam "SV Motor Wolgast"]

1. d4 Nf6 2. c4 g6 3. Nc3 Bg7 4. e3 d6 5. Nf3 O-O 6. Be2 Nbd7 7. O-O e5 8. dxe5
Nxe5 9. Nxe5 dxe5 10. Qc2 c6 11. b4 Qc7 12. Bb2 Be6 13. a4 Rfd8 14. Rfd1 Rxd1+
15. Rxd1 Rd8 16. a5 Rxd1+ 17. Qxd1 b6 18. axb6 axb6 19. f3 Bf8 20. b5 cxb5 21.
Nxb5 Qc5 22. Qd3 Nd7 23. Ba3 Bxc4 24. Qc3 Qxb5 25. Bxc4 Qb1+ 26. Kf2 Bxa3 27.
Qxa3 Qc2+ 28. Be2 Nc5 29. Qa8+ Kg7 30. Qd5 Qb2 31. f4 e4 32. Qd4+ Qxd4 33. exd4
Ne6 34. Ke3 f5 35. d5 Nc5 36. Bc4 Kf8 37. Kd4 Ke7 38. h3 Kd6 39. g4 Nd3 40.
gxf5 gxf5 41. Ke3 Kc5 42. Bb3 h6 43. Ba4 b5 44. d6 Nb4 45. d7 Nc6 46. Bb3 Kd6
47. Bg8 Kxd7 48. Bh7 Ne7 49. Kd4 Ke6 0-1

[Event "LLO 2017/18"]
[Site "Mecklenburg-Vorpommern"]
[Date "2017.11.26"]
[Round "3.5"]
[White "Klotzsche, Stefan"]
[Black "Boettner, Oliver"]
[Result "0-1"]
[WhiteElo "1751"]
[BlackElo "1581"]
[PlyCount "84"]
[EventDate "2017.??.??"]
[EventType "team-tourn"]
[EventRounds "9"]
[SourceDate "2017.10.08"]
[WhiteTeam "SV Motor Wolgast"]
[BlackTeam "FHSG Stralsund II"]

1. c4 c5 2. g3 g6 3. Bg2 Bg7 4. Nf3 Nf6 5. Nc3 Nc6 6. O-O O-O 7. Rb1 d6 8. d4
cxd4 9. Nxd4 Nxd4 10. Qxd4 Be6 11. b3 Nd5 12. Qxg7+ Kxg7 13. cxd5 Bd7 14. e4 b5
15. Re1 f6 16. Be3 Rc8 17. Ne2 Qa5 18. Nd4 Rfe8 19. Bf1 a6 20. Ra1 e5 21. dxe6
Bxe6 22. Nxe6+ Rxe6 23. Bh3 Ree8 24. Bxc8 Rxc8 25. Red1 Qa3 26. Rd2 Kf7 27.
Rad1 Rc6 28. Kg2 g5 29. h3 Ke6 30. f4 h6 31. f5+ Ke7 32. g4 a5 33. h4 a4 34.
hxg5 hxg5 35. e5 fxe5 36. Bxg5+ Kf7 37. bxa4 Qxa4 38. Kf3 Rc3+ 39. Be3 Qf4+ 40.
Kg2 Rxe3 41. Rxd6 Re2+ 42. Kg1 Qh2+ 0-1

[Event "LLO 2017/18"]
[Site "Mecklenburg-Vorpommern"]
[Date "2017.11.26"]
[Round "3.6"]
[White "Jabbusch, Burkhard"]
[Black "Rosin, Ralf"]
[Result "0-1"]
[WhiteElo "1641"]
[BlackElo "1722"]
[PlyCount "70"]
[EventDate "2017.??.??"]
[EventType "team-tourn"]
[EventRounds "9"]
[SourceDate "2017.10.08"]
[WhiteTeam "FHSG Stralsund II"]
[BlackTeam "SV Motor Wolgast"]

1. f4 d5 2. Nf3 Nf6 3. e3 Bg4 4. Be2 e6 5. O-O Bd6 6. b3 Nc6 7. Bb2 Qe7 8. Ne5
Bxe2 9. Qxe2 O-O 10. d3 Nd7 11. d4 Bxe5 12. fxe5 f6 13. Ba3 Qf7 14. Bxf8 Rxf8
15. Qb5 Nd8 16. Nd2 c6 17. Qd3 Qg6 18. Qxg6 hxg6 19. exf6 gxf6 20. c4 f5 21.
Rac1 Nf6 22. h3 Nf7 23. Rf2 Ng5 24. Rcf1 Kg7 25. Nf3 Nge4 26. Rc2 Ng3 27. Re1
Nfe4 28. b4 g5 29. Kh2 Kf6 30. Ng1 Rh8 31. a4 g4 32. b5 Nh5 33. cxd5 g3+ 34.
Kh1 Nf2+ 35. Rxf2 gxf2 0-1

[Event "LLO 2017/18"]
[Site "Mecklenburg-Vorpommern"]
[Date "2017.11.26"]
[Round "3.7"]
[White "Ploch, Gregor"]
[Black "Sparr, Andreas"]
[Result "1/2-1/2"]
[WhiteElo "1689"]
[BlackElo "1595"]
[PlyCount "57"]
[EventDate "2017.??.??"]
[EventType "team-tourn"]
[EventRounds "9"]
[SourceDate "2017.10.08"]
[WhiteTeam "SV Motor Wolgast"]
[BlackTeam "FHSG Stralsund II"]

1. c4 e5 2. Nc3 Nf6 3. Nf3 Nc6 4. d4 exd4 5. Nxd4 Nxd4 6. Qxd4 Be7 7. e4 d6 8.
Be2 h6 9. O-O O-O 10. Bf3 Bg4 11. Bxg4 Nxg4 12. Nd5 Nf6 13. Nxe7+ Qxe7 14. Re1
Rfe8 15. Bd2 Qe5 16. Qxe5 Rxe5 17. f3 Nd7 18. Bc3 Re7 19. Rad1 Ne5 20. b3 Rae8
21. Kf2 Re6 22. Rd5 a6 23. Red1 Nd7 24. R1d2 Kf8 25. Bb2 Nb6 26. R5d3 Nd7 27.
Rd5 Nb6 28. R5d3 Nd7 29. Rd5 1/2-1/2